000 00854nam a2200205 a 4500
003 0
005 20250527105046.0
008 021128s19uu xx 00 eng d
050 _aPGS RA 638
_b.M385 2001
100 _aMartinez, John Marvin.
245 _aAwareness of residents of 8th St. United Parañaque Subdivision 5 on vaccination and its effects on the health of children /
_cJohn Marvin Martinez.
260 _aLas Piñas City, Philippines :
_bSouthville International School and Colleges,
_c2001.
300 _a39 pages :
_bcolored illustrations ;
_c28 cm.
504 _aIncludes bibliographical references.
650 _aVaccination
_vPublic opinion.
650 _aVaccination
_vHealth aspects.
650 _aImmunization of children
_zPhilippines
_zParañaque City.
650 _aHealth knowledge, attitudes, practice.
942 _2lcc
_cPASS
999 _c96470
_d96470